[Event "Prague Summer op-B 10th"]
[Site "Prague"]
[Date "2023.08.07"]
[Round "5"]
[White "Bondarenko, Vova"]
[Black "Jaeger, Andre"]
[Result "1-0"]
[WhiteElo "1545"]
[BlackElo "1930"]
[PlyCount "69"]
[EventDate "2023.08.04"]
[EventType "swiss"]
[EventRounds "9"]
[EventCountry "CZE"]
[SourceTitle "EXT 2024"]
[Source "ChessBase"]
[SourceDate "2023.10.10"]
[SourceVersion "1"]
[SourceVersionDate "2023.10.10"]
[SourceQuality "1"]

1. c4 g6 2. d4 Bg7 3. Nf3 Nf6 4. Nc3 0-0 5. e4 d6 6. Bg5 h6 7. Bh4 Nbd7 8. Bd3 e5 9. d5 Nc5 10. Bc2 a5 11. a4 g5 12. Bg3 Nh5 13. Qd2 f5 14. exf5 Bxf5 15. Bxf5 Rxf5 16. Qc2 e4 17. 0-0 Nxg3 18. hxg3 Bxc3 19. bxc3 Qf6 20. Nd4 Re5 21. Qd1 Qg6 22. f4 exf3 23. Qxf3 Rae8 24. Qf6 Qxf6 25. Rxf6 Ne4 26. Rxh6 Nxg3 27. Ne6 Ne4 28. Rg6+ Kh8 29. Rh6+ Kg8 30. Rg6+ Kh8 31. Nxc7 Rc8 32. Ne6 Rxc4 33. Rf1 Kh7 34. Nf8+ Kh8 35. Rf7 1-0

[Event "Prague Summer op-B 10th"]
[Site "Prague"]
[Date "2023.08.04"]
[Round "1"]
[White "Jaeger, Andre"]
[Black "Cerny, Vlastimil1111"]
[Result "1-0"]
[WhiteElo "1930"]
[BlackElo "1431"]
[PlyCount "41"]
[EventDate "2023.08.04"]
[EventType "swiss"]
[EventRounds "9"]
[EventCountry "CZE"]
[SourceTitle "EXT 2024"]
[Source "ChessBase"]
[SourceDate "2023.10.10"]
[SourceVersion "1"]
[SourceVersionDate "2023.10.10"]
[SourceQuality "1"]

1. d4 Nf6 2. c4 g6 3. g3 Bg7 4. Bg2 0-0 5. Nc3 c6 6. e4 d6 7. Nf3 c5 8. h3 cxd4 9. Nxd4 Nc6 10. Be3 Bd7 11. Nde2 Rc8 12. 0-0 a6 13. Rc1 Ne5 14. b3 Bc6 15. Qd2 b5 16. f4 Ned7 17. Nd4 b4 18. Nd5 Bxd5 19. exd5 a5 20. Nc6 Ra8 21. Nxd8 1-0

[Event "Berlin Werner Ott op"]
[Site "Berlin"]
[Date "2022.07.16"]
[Round "8"]
[White "Jaeger, Andre"]
[Black "Zhou, Lepu Coco"]
[Result "1-0"]
[WhiteElo "1870"]
[BlackElo "1986"]
[PlyCount "65"]
[EventDate "2022.07.09"]
[EventType "swiss"]
[EventRounds "9"]
[EventCountry "GER"]
[SourceTitle "CBM 209 Extra"]
[Source "ChessBase"]
[SourceDate "2022.09.30"]
[SourceVersion "1"]
[SourceVersionDate "2022.09.30"]
[SourceQuality "1"]

1. d4 d5 2. c4 e6 3. Nc3 c6 4. e4 dxc4 5. Bxc4 b5 6. Bb3 Bb7 7. Nf3 a6 8. 0-0 c5 9. d5 c4 10. dxe6 Qxd1 11. exf7+ Kxf7 12. Bxd1 Nd7 13. Ng5+ Kg6 14. f4 Bc5+ 15. Kh1 h6 16. f5+ Kf6 17. Ne6 b4 18. Nd5+ Bxd5 19. exd5 Ne7 20. Nxc5 Nxc5 21. Be3 Nd7 22. Bd4+ Kf7 23. Bh5+ Kg8 24. Rad1 Nxd5 25. Bf3 N7b6 26. Bxb6 Nxb6 27. Bxa8 Nxa8 28. Rd8+ Kh7 29. Rxh8+ Kxh8 30. Re1 Nb6 31. Re6 Na4 32. b3 Nc3 33. bxc4 1-0

[Event "Prague Summer op-B 8th"]
[Site "Prague"]
[Date "2021.08.08"]
[Round "3"]
[White "Jaeger, Andre"]
[Black "Belov, Alexander"]
[Result "1/2-1/2"]
[WhiteElo "1883"]
[BlackElo "1853"]
[PlyCount "112"]
[EventDate "2021.08.06"]
[EventType "swiss"]
[EventRounds "9"]
[EventCountry "CZE"]
[SourceTitle "EXT 2022"]
[Source "ChessBase"]
[SourceDate "2021.10.06"]
[SourceVersion "1"]
[SourceVersionDate "2021.10.06"]
[SourceQuality "1"]

1. d4 g6 2. c4 Bg7 3. Nf3 d6 4. g3 Nc6 5. Bg2 e5 6. dxe5 Nxe5 7. Nxe5 Bxe5 8. 0-0 Ne7 9. Nc3 0-0 10. f4 Bg7 11. e4 Nc6 12. Be3 Re8 13. Qd2 f5 14. Rfe1 Kh8 15. Rad1 fxe4 16. Nxe4 Bg4 17. Rc1 Qd7 18. Nf2 Bf5 19. b4 a6 20. Rcd1 Re7 21. h3 h5 22. a3 Rae8 23. Kh2 Kh7 24. Bf3 Qd8 25. g4 hxg4 26. hxg4 Bd4 27. gxf5 Bxe3 28. fxg6+ Kg7 29. Qb2+ Kxg6 30. Rg1+ Kh7 31. Rg4 Rf7 32. Be4+ Rxe4 33. Nxe4 Bxf4+ 34. Kg2 Bh6 35. Rh1 Qd7 36. Ng5+ Kg8 37. Ne6+ Bg7 38. Rxg7+ Rxg7+ 39. Qxg7+ Qxg7+ 40. Nxg7 Kxg7 41. Rh4 a5 42. b5 Ne5 43. Rf4 b6 44. Kf1 Nd3 45. Rd4 Ne5 46. Ke2 Kf6 47. Ke3 Ke6 48. Rh4 Kd7 49. Rh7+ Kc8 50. Kd4 Kb7 51. Kd5 Nd3 52. Ke6 Ne5 53. Rh4 Nf3 54. Rf4 Ne5 55. Re4 Nd3 56. Rh4 Ne5 1/2-1/2

[Event "Prague Summer op-B 8th"]
[Site "Prague"]
[Date "2021.08.06"]
[Round "1"]
[White "Jaeger, Andre"]
[Black "Mach, David"]
[Result "1-0"]
[WhiteElo "1883"]
[BlackElo "1519"]
[PlyCount "53"]
[EventDate "2021.08.06"]
[EventType "swiss"]
[EventRounds "9"]
[EventCountry "CZE"]
[SourceTitle "EXT 2022"]
[Source "ChessBase"]
[SourceDate "2021.10.06"]
[SourceVersion "1"]
[SourceVersionDate "2021.10.06"]
[SourceQuality "1"]

1. d4 d5 2. c4 e5 3. dxe5 d4 4. Nf3 Nc6 5. a3 Be6 6. e3 dxe3 7. Qxd8+ Rxd8 8. Bxe3 Nge7 9. Nc3 Ng6 10. Ng5 Ngxe5 11. Nxe6 fxe6 12. Be2 Nd4 13. Bxd4 Rxd4 14. Nb5 Re4 15. f3 Rf4 16. Nxc7+ Kd7 17. Nb5 a6 18. Rd1+ Ke7 19. Nd4 Kf7 20. g3 Rf6 21. f4 Nd7 22. 0-0 Bc5 23. b4 Ba7 24. c5 Rd8 25. Kg2 e5 26. Bc4+ Kg6 27. Ne6 1-0

[Event "Berlin-ch Seniors op 36th"]
[Site "Berlin"]
[Date "2020.01.31"]
[Round "4.11"]
[White "Hildebrand, Gerald"]
[Black "Jaeger, Andre"]
[Result "1/2-1/2"]
[WhiteElo "2114"]
[BlackElo "1850"]
[PlyCount "141"]
[EventDate "2020.01.28"]
[EventType "swiss"]
[EventRounds "9"]
[EventCountry "GER"]
[SourceTitle "EXT 2024"]
[Source "ChessBase"]
[SourceDate "2023.10.10"]
[SourceVersion "1"]
[SourceVersionDate "2023.10.10"]
[SourceQuality "1"]

1. d4 Nf6 2. c4 d6 3. Nc3 Bf5 4. f3 e5 5. e4 exd4 6. Qxd4 Be6 7. Bg5 Be7 8. b3 h6 9. Be3 Nc6 10. Qd2 a5 11. Nge2 a4 12. Nxa4 Bxc4 13. Rc1 Ba6 14. Ng3 Bxf1 15. Kxf1 Nd7 16. Nf5 Bf6 17. Kf2 h5 18. Rhd1 g6 19. Ng3 Nde5 20. Nc3 Nb4 21. Qe2 c6 22. Kg1 Qe7 23. Rd4 Na6 24. Rcd1 Rd8 25. Qd2 0-0 26. Nge2 h4 27. Rxd6 h3 28. Rxd8 Qxd8 29. Qxd8 Rxd8 30. Rxd8+ Bxd8 31. Bd4 Nd3 32. g3 Ne1 33. Kf2 Nc2 34. Be3 Nab4 35. Ba7 Nd3+ 36. Kf1 b6 37. Ng1 Bf6 38. Nd1 Bd4 39. Nxh3 Nc1 40. Nf4 Nxa2 41. Ne2 Bc5 42. Nec3 Nc1 43. Na4 Nxb3 44. Bxb6 Bxb6 45. Nxb6 Nbd4 46. Kf2 Kf8 47. Ne3 Na3 48. Nec4 Nac2 49. h4 f6 50. Ne3 Na3 51. Nbc4 Nab5 52. Ng4 Ke7 53. Nge3 Ke6 54. Ng2 Nc3 55. Nf4+ Kf7 56. e5 Nd5 57. Nd6+ Kg7 58. e6 Ne7 59. g4 g5 60. Nh5+ Kg6 61. f4 gxh4 62. Ke3 Nb5 63. Ne8 f5 64. Nhf6 fxg4 65. Nxg4 Kf5 66. Ne5 Kxe6 67. Ng7+ Kf6 68. Nh5+ Kf5 69. Ng7+ Kf6 70. Nh5+ Kf5 71. Ng7+ 1/2-1/2

[Event "Berlin Lichtenrade op 15th"]
[Site "Berlin"]
[Date "2019.10.20"]
[Round "9"]
[White "Jaeger, Andre"]
[Black "Guenther, Thomas"]
[Result "0-1"]
[WhiteElo "1865"]
[BlackElo "1966"]
[PlyCount "62"]
[EventDate "2019.10.12"]
[EventType "swiss"]
[EventRounds "9"]
[EventCountry "GER"]
[SourceTitle "CBM 195 Extra"]
[Source "ChessBase"]
[SourceDate "2020.05.31"]
[SourceVersion "1"]
[SourceVersionDate "2020.05.31"]
[SourceQuality "1"]

1. d4 Nf6 2. c4 e6 3. Nc3 Bb4 4. f3 0-0 5. a3 Bxc3+ 6. bxc3 d6 7. e4 Nbd7 8. Bd3 e5 9. Bg5 h6 10. Bh4 c6 11. Ne2 Qa5 12. 0-0 Re8 13. Qc2 g5 14. Bf2 Nh5 15. g3 Nf8 16. Be3 Ng6 17. Kh1 Qd8 18. Rf2 Kh8 19. Qd2 Qe7 20. f4 exf4 21. gxf4 f6 22. fxg5 fxg5 23. e5 Nh4 24. Raf1 Bh3 25. Rf7 Rf8 26. Rxf8+ Rxf8 27. Rxf8+ Qxf8 28. Be4 Qf1+ 29. Ng1 Bf5 30. Bxf5 Qxf5 31. h3 Ng3+ 0-1

[Event "Berlin Lichtenrade op 15th"]
[Site "Berlin"]
[Date "2019.10.14"]
[Round "3"]
[White "Jaeger, Andre"]
[Black "Tschernatsch, Johannes"]
[Result "0-1"]
[WhiteElo "1865"]
[BlackElo "2132"]
[PlyCount "154"]
[EventDate "2019.10.12"]
[EventType "swiss"]
[EventRounds "9"]
[EventCountry "GER"]
[SourceTitle "CBM 195 Extra"]
[Source "ChessBase"]
[SourceDate "2020.05.31"]
[SourceVersion "1"]
[SourceVersionDate "2020.05.31"]
[SourceQuality "1"]

1. d4 Nf6 2. c4 g6 3. g3 Bg7 4. Bg2 0-0 5. Nc3 d6 6. Nf3 Nbd7 7. 0-0 e5 8. e4 c6 9. h3 Qb6 10. Re1 exd4 11. Nxd4 Ng4 12. Nce2 Nge5 13. b3 Nc5 14. Be3 a5 15. Rb1 Qc7 16. a3 Re8 17. Qc2 Ne6 18. f4 Nd7 19. Nxe6 fxe6 20. Bd4 e5 21. Be3 Nf6 22. Nc3 Be6 23. Na4 Bh6 24. f5 Bxe3+ 25. Rxe3 gxf5 26. exf5 Bd7 27. g4 Kh8 28. Rd1 Rad8 29. Red3 Bc8 30. Qd2 e4 31. Re3 d5 32. cxd5 Rxd5 33. Qe1 Qd6 34. Nc3 Rxd1 35. Qxd1 Qc5 36. Kf2 Nd5 37. Nxd5 cxd5 38. Qa1+ Kg8 39. Qf6 Qe7 40. Qxe7 Rxe7 41. Rc3 Bd7 42. Ke3 Bc6 43. Bf1 Kf7 44. Kd4 Kf6 45. b4 axb4 46. axb4 Kg5 47. b5 Be8 48. Kxd5 e3 49. Be2 Kf4 50. Rc4+ Kg3 51. Re4 Rxe4 52. Kxe4 Kf2 53. Bd3 e2 54. Bxe2 Kxe2 55. f6 Kf2 56. Kf4 Kg2 57. h4 Kh3 58. Kg5 b6 59. h5 Kg3 60. Kf5 Bd7+ 61. Ke5 Be8 62. Kf5 Bf7 63. Kg5 Be6 64. Kh6 Kxg4 65. Kxh7 Kxh5 66. Kg7 Kg5 67. f7 Bxf7 68. Kxf7 Kf5 69. Kg7 Ke5 70. Kg6 Kd5 71. Kf5 Kc5 72. Ke4 Kxb5 73. Kd3 Ka4 74. Kc2 b5 75. Kb2 Kb4 76. Kc2 Ka3 77. Kb1 b4 0-1

[Event "Prague Summer op-B 6th"]
[Site "Prague"]
[Date "2019.08.06"]
[Round "6"]
[White "Jaeger, Andre"]
[Black "Atnilov, Boris"]
[Result "0-1"]
[WhiteElo "1897"]
[BlackElo "2053"]
[PlyCount "60"]
[EventDate "2019.08.02"]
[EventType "swiss"]
[EventRounds "9"]
[EventCountry "CZE"]
[SourceTitle "EXT 2020"]
[Source "ChessBase"]
[SourceDate "2019.10.17"]
[SourceVersion "1"]
[SourceVersionDate "2019.10.17"]
[SourceQuality "1"]

1. d4 Nf6 2. c4 e6 3. Nc3 c5 4. Nf3 cxd4 5. Nxd4 Nc6 6. g3 Ne5 7. e4 Qb6 8. Nb3 Bb4 9. Qe2 Qc6 10. f4 Nxe4 11. Bg2 Nxc3 12. bxc3 Bxc3+ 13. Kf1 Qa4 14. fxe5 Bxa1 15. Nxa1 0-0 16. Bb2 Rb8 17. Be4 b5 18. c5 Qxa2 19. h4 b4 20. Bd3 Bb7 21. Rh2 Qd5 22. Qe3 Rbc8 23. Bd4 a5 24. Nb3 f6 25. exf6 e5 26. Bxe5 Rce8 27. Re2 Rxe5 28. Bxh7+ Kxh7 29. Qxe5 Qh1+ 30. Kf2 Rxf6+ 0-1

[Event "Prague Summer op-B 6th"]
[Site "Prague"]
[Date "2019.08.02"]
[Round "1"]
[White "Jaeger, Andre"]
[Black "Veselsky, Jan"]
[Result "1-0"]
[WhiteElo "1897"]
[BlackElo "1546"]
[PlyCount "81"]
[EventDate "2019.08.02"]
[EventType "swiss"]
[EventRounds "9"]
[EventCountry "CZE"]
[SourceTitle "EXT 2020"]
[Source "ChessBase"]
[SourceDate "2019.10.17"]
[SourceVersion "1"]
[SourceVersionDate "2019.10.17"]
[SourceQuality "1"]

1. d4 d5 2. c4 e6 3. Nc3 c5 4. cxd5 exd5 5. Nf3 Nf6 6. Bg5 Be6 7. e3 Nc6 8. Bd3 Rc8 9. 0-0 Be7 10. Rc1 cxd4 11. exd4 0-0 12. h3 a6 13. Qe2 Re8 14. Rfd1 b5 15. a4 b4 16. Nb1 a5 17. Nbd2 Qb6 18. Nb3 Nb8 19. Be3 Nbd7 20. Bb5 Red8 21. Ne5 Qb8 22. Nc6 Qd6 23. Nxd8 Rxd8 24. Nxa5 Ra8 25. Nc6 Nb6 26. Nxe7+ Qxe7 27. b3 h6 28. Rc6 Nbd7 29. Rdc1 Ne4 30. Rc8+ Rxc8 31. Rxc8+ Kh7 32. Rc7 Qd6 33. Rc6 Qe7 34. Qc2 Bf5 35. Bd3 g6 36. g4 Be6 37. Bxe4 dxe4 38. Qxe4 Qh4 39. Rxe6 fxe6 40. Qxe6 Nf8 41. Qf7+ 1-0

[Event "Berlin-ch QT"]
[Site "Berlin"]
[Date "2019.04.24"]
[Round "5"]
[White "Kretzschmar, Jan"]
[Black "Jaeger, Andre"]
[Result "1-0"]
[WhiteElo "1807"]
[BlackElo "1947"]
[PlyCount "37"]
[EventDate "2019.04.20"]
[EventType "swiss"]
[EventRounds "9"]
[EventCountry "GER"]
[SourceTitle "EXT 2020"]
[Source "ChessBase"]
[SourceDate "2019.10.17"]
[SourceVersion "1"]
[SourceVersionDate "2019.10.17"]
[SourceQuality "1"]

1. d4 Nf6 2. Bf4 g6 3. Nc3 d5 4. e3 Bg7 5. Be2 Nbd7 6. Nb5 e5 7. dxe5 Ne4 8. Qxd5 Ndc5 9. Qxd8+ Kxd8 10. Rd1+ Bd7 11. h4 f6 12. exf6 Bxf6 13. f3 c6 14. fxe4 cxb5 15. e5 Bg7 16. Bxb5 Ke7 17. Bg5+ Ke6 18. Bxd7+ Nxd7 19. Rd6+ 1-0

[Event "Berlin-ch QT"]
[Site "Berlin"]
[Date "2019.04.22"]
[Round "3"]
[White "Regel, Michael"]
[Black "Jaeger, Andre"]
[Result "0-1"]
[WhiteElo "1721"]
[BlackElo "1947"]
[PlyCount "58"]
[EventDate "2019.04.20"]
[EventType "swiss"]
[EventRounds "9"]
[EventCountry "GER"]
[SourceTitle "EXT 2020"]
[Source "ChessBase"]
[SourceDate "2019.10.17"]
[SourceVersion "1"]
[SourceVersionDate "2019.10.17"]
[SourceQuality "1"]

1. e4 c5 2. Nf3 Nc6 3. Bb5 Nf6 4. Nc3 Qc7 5. 0-0 Nd4 6. Bc4 e6 7. Re1 Ng4 8. g3 Nxf3+ 9. Qxf3 Ne5 10. Qf4 a6 11. Bf1 Bd6 12. Qe3 b5 13. Bg2 Bb7 14. d3 h5 15. h4 0-0-0 16. Qe2 f6 17. Bf4 Rdg8 18. Qd2 Qd8 19. Bxe5 Bxe5 20. f4 Bd4+ 21. Kh2 g5 22. e5 gxh4 23. Bxb7+ Kxb7 24. Ne4 hxg3+ 25. Kh3 g2 26. Rg1 Bxg1 27. Rxg1 fxe5 28. Rxg2 Rg4 29. Qf2 d6 0-1

[Event "Berlin-ch Seniors op 35th"]
[Site "Berlin"]
[Date "2019.02.04"]
[Round "6"]
[White "Jaeger, Andre"]
[Black "Welz, Peter"]
[Result "1-0"]
[WhiteElo "1903"]
[BlackElo "2001"]
[PlyCount "33"]
[EventDate "2019.01.29"]
[EventType "swiss"]
[EventRounds "9"]
[EventCountry "GER"]
[SourceTitle "CBM 189 Extra"]
[Source "ChessBase"]
[SourceDate "2019.06.03"]
[SourceVersion "1"]
[SourceVersionDate "2019.06.03"]
[SourceQuality "1"]

1. d4 f5 2. Bg5 g6 3. Nd2 c5 4. c3 cxd4 5. cxd4 Bg7 6. e3 Nf6 7. h4 0-0 8. Nh3 d6 9. Nf4 e5 10. dxe5 dxe5 11. Bc4+ Kh8 12. Nxg6+ hxg6 13. h5 Kh7 14. Bxf6 Bxf6 15. hxg6+ Kg7 16. Rh7+ Kxg6 17. Qh5# 1-0